000 00464nam a2200181Ia 4500
005 20250326143232.0
008 250326s9999 xx 000 0 und d
037 _aTextbook
040 _aFMSL
_beng
_cFMSL
041 _aeng
_2eng
084 _aX.44 P1
_qFMSL
100 _aDat J
_9747672
245 0 _aIndian economy
_cDat J
260 _aNew Delhi
_bNew Delhi, Anmol
_c2004
300 _a166p
942 _cTB
_hX.44 P1
999 _c1298717
_d1298717